Ta gửi cho mình Thơ
Сохранить в:
| Главный автор: | |
|---|---|
| Формат: | |
| Язык: | Vietnamese |
| Опубликовано: |
H.
Tác phẩm mới Hội nhà văn Việt Nam
1986
|
| Предметы: | |
| Метки: |
Добавить метку
Нет меток, Требуется 1-ая метка записи!
|
| Thư viện lưu trữ: | Mạng thư viện Đại học Đà Nẵng |
|---|
| LEADER | 01075nam a2200337 4500 | ||
|---|---|---|---|
| 001 | 000005320 | ||
| 003 | 1464 | ||
| 005 | 20120409150432.0 | ||
| 008 | 110815s1986 viesd | ||
| 020 | |c 5500đ | ||
| 041 | 0 | |a vie | |
| 082 | |a 895.9221 |b CH-V | ||
| 100 | 0 | |a Chế Lan Viên | |
| 245 | 0 | |a Ta gửi cho mình |b Thơ |c Chế Lan Viên | |
| 260 | |a H. |b Tác phẩm mới |b Hội nhà văn Việt Nam |c 1986 | ||
| 300 | |a 78 tr |c 19 cm | ||
| 653 | |a Văn học hiện đại | ||
| 653 | |a Việt Nam | ||
| 653 | |a Thơ | ||
| 700 | |a Chế Lan Viên | ||
| 910 | |a Nguyễn Thị Kim Oanh |d 15/ 08/ 2011 | ||
| OWN | |a LSP | ||
| AVA | |a UDN50 |b LSP |d 895.9221 CH-V |e unavailable |t Error 5002 Not defined in file expand_doc_bib_avail. |f 1 |g 1 |h N |i 0 |k 1 | ||
| 999 | |a From the UDN01 | ||
| AVA | |a UDN50 |b LSP |d 895.9221 CH-V |e unavailable |t Error 5002 Not defined in file expand_doc_bib_avail. |f 1 |g 1 |h N |i 0 |k 1 | ||
| TYP | |a Monograph | ||
| TYP | |a Printed language | ||
| 980 | |a Mạng thư viện Đại học Đà Nẵng | ||